Geografía general de Cataluña, del Pais Vasco-Navarro y de los Reinos de Valencia y Galicia / (Record no. 40936)

MARC details
000 -LEADER
campo de control de longitud fija 00732nam a2200205 i 4500
001 - NÚMERO DE CONTROL
campo de control 40936
003 - IDENTIFICADOR DE NÚMERO DE CONTROL
campo de control ES-MaACL
005 - FECHA Y HORA DE LA ÚLTIMA TRANSACCIÓN
campo de control 20251011063101.0
007 - CAMPO FIJO DE DESCRIPCIÓN FÍSICA--INFORMACIÓN GENERAL
campo de control de longitud fija t|
008 - DATOS DE LONGITUD FIJA--INFORMACIÓN GENERAL
campo de control de longitud fija 030307q19101919sp ||||1| spa d
100 1# - ENTRADA PRINCIPAL--NOMBRE DE PERSONA
Nombre de persona Carreras i Candi, Francesc,
Fechas asociadas al nombre 1862-1937
9 (RLIN) 35674
245 10 - MENCIÓN DEL TÍTULO
Título Geografía general de Cataluña, del Pais Vasco-Navarro y de los Reinos de Valencia y Galicia /
Mención de responsabilidad, etc. dirigido por Francesc Carreras i Candi.
260 ## - PUBLICACIÓN, DISTRIBUCIÓN, ETC.
Lugar de publicación, distribución, etc. Barcelona :
Nombre del editor, distribuidor, etc. [s.n.,
Fecha de publicación, distribución, etc. 191-?] (
Fabricante Tip. Atlas Geográfico)
300 ## - DESCRIPCIÓN FÍSICA
Extensión 16 v. ;
Dimensiones 28 cm.
651 #4 - PUNTO DE ACCESO ADICIONAL DE MATERIA--NOMBRE GEOGRÁFICO
Nombre geográfico Cataluña-
Subdivisión general Geografía.
9 (RLIN) 8011
651 #4 - PUNTO DE ACCESO ADICIONAL DE MATERIA--NOMBRE GEOGRÁFICO
Nombre geográfico País Vasco-
Subdivisión general Geografía.
9 (RLIN) 160927
651 #4 - PUNTO DE ACCESO ADICIONAL DE MATERIA--NOMBRE GEOGRÁFICO
Nombre geográfico Galicia-
Subdivisión general Geografía.
9 (RLIN) 157507
852 ## - LOCALIZACIÓN
Ubicación ES-MaACL
Número de control de estantería C-13655-70
Holdings
Estatus retirado Estado de pérdida Estado de daño No para préstamo Biblioteca de origen Biblioteca actual Ubicación en estantería Fecha de adquisición Fuente de adquisición Total de préstamos Signatura topográfica completa Código de barras Visto por última vez Precio de reemplazo Tipo de ítem Koha
        Biblioteca del Ateneo de Madrid Biblioteca del Ateneo de Madrid Sala Palomar 17/01/2008     C-13655-70 1043092 23/02/2023 23/02/2023 Libro impreso